The Helena Rubinstein beauty book
| Main Author: | |
|---|---|
| Format: | Book |
| Published: |
S.l :
Selecta Book Ltd ,
1994
|
| Subjects: |
MARC
| LEADER | 00000cam a2200000 7i4500 | ||
|---|---|---|---|
| 001 | 0000006475 | ||
| 002 | 000006987 | ||
| 005 | 20000330.0 | ||
| 020 | |a 1858331757 | ||
| 090 | 0 | 0 | |a 646.72 |b BAM |
| 100 | 1 | |a Bampfylde, Heather | |
| 245 | 1 | 4 | |a The Helena Rubinstein beauty book |c Heather Bampfylde and Jeunifer Mulherin ; illustrations by Jill and Phil Evans |
| 260 | |a S.l : |b Selecta Book Ltd , |c 1994 | ||
| 300 | |a 159p. ; |c 28cm. | ||
| 650 | 0 | 0 | |a Beauty, Personal |
| 650 | 0 | 0 | |a Cosmology |
| 999 | |a 038039 |b BUKU |c PINJAMAN |e PERPUSTAKAAN KOMUNITI PETALING JAYA | ||